000 01330cam a2200253 4500
001 ##E134904
008 060821n2005 000 0 eng u
020 _a0755926315
035 _a(Sirsi) u134939
041 0 _aeng
050 0 4 _a711.1 $2 18
110 2 _aScotland
_bScottish Executive Development Department
245 0 0 _aScottish Planning Policy SPP 17
_bplanning for transport
260 _aEdinburgh
_bScottish Executive Development Department
_c2005
300 _a22p.
_c30cm.
490 0 _aScottish Planning Policies
520 _aThe national focus on transport is now on the delivery of projects. Integration of land use and transport planning can play a postive role in supporting the Scottish Executive's transport delivery agenda.
520 _aThis SPP replaces NPPG 9 The Provision of Roadside Facilities on Motorways and Other Trunk Roads in Scotland, NPPG 17 Transport and Planning and SPP17 Transport and Planning Maximum Parking Standards Addendum to NPPG 17. Background material and good practice is in Planning Advice Note 75 (ISBN 0755926323).
650 2 4 _aSPP17
651 4 _aScotland
_y1999-
690 _aPlanning and development
_96259
856 4 0 _uhttps://www.scotland.gov.uk/Publications/2005/08/16154406/44078
_vView the document free of charge at www.scotland.gov.uk...
942 _n0
999 _c105854
_d105854